000 00268nam a22001097a 4500
082 _a657.42 HOU'I
100 _aHOULTON, M.L
_976317
245 _aCOST AND MANAGEMENT ACCOUNTING AN INTRODUCTION
260 _aLONDON
_bHEINAMAN
_c1973
300 _aXV, 277P
942 _cBK
999 _c581710
_d581710